Úprava Domanižanky v intraviláne obce Prečín

Gespeichert in:
Bibliographische Detailangaben
1. Verfasser: Bors, Roman, 1989- (Verfasst von)
Weitere Verfasser: Škrinár, Andrej, 1977- (Betreuung Doktorarbeit)
Format: Manuskript Buch
Sprache:Slowakisch
Veröffentlicht: Bratislava : STU v Bratislave SvF, 2013
Schlagworte:
Online-Zugang:VAIS
Tags: Tag hinzufügen
Keine Tags, Fügen Sie das erste Tag hinzu!

MARC

LEADER 00000ntm a22000003a 4500
001 stu271313
005 20150617230234.4
008 130719s2013----xo------------------slo-d
040 |a STU  |b slo 
041 0 |a slo 
044 |a xo 
100 1 |a Bors, Roman,  |d 1989-  |4 aut  |u V  |T SvF Stavebná fakulta  |X 58028  |U V  |Y 10  |7 A000058028 
242 0 0 |a Edit Domanižanka river into the village of Prečín  |y eng 
245 1 |a Úprava Domanižanky v intraviláne obce Prečín 
260 |a Bratislava :  |b STU v Bratislave SvF,  |c 2013 
650 7 |a Hydraulic and Water Resources Engineering  |2 estusub 
650 7 |a flooding  |2 estusub 
650 7 |a úprava  |2 stusub 
700 1 |a Škrinár, Andrej,  |d 1977-  |4 ths  |u V160  |U SvF Stavebná fakulta  |T SvF Katedra vodného hospodárstva krajiny  |X 635  |U V160  |Y 16  |7 A000000635 
856 4 |a info a plný text  |u http://is.stuba.sk/zp/portal_zp.pl?podrobnosti=91900  |3 VAIS